00904cam a2200277 a 450000100090000000300050000900500170001400800410003101000170007202000150008904000180010404300120012205000270013408200200016110000270018124500300020826000320023830000210027065000230029165000320031465000300034665100240037665500290040085601060042985600910053514141808Nust20170424120653.0051015s2005 nyu 000 0 eng  a 2005054693 a0670034592 aDLCcDLCdDLC au-at---00aPR9369.3.C58bS56 200500a823.914 COE2221 aCoetzee, J. M.,d1940-10aSlow man /cJ.M. Coetzee. aNew York :bViking,cc2005. a265 p. ;c22 cm. 0aAmputeesvFiction. 0aNurse and patientvFiction. 0aWomen novelistsvFiction. 0aAustraliavFiction. 7aDidactic fiction.2gsafd423Contributor biographical informationuhttp://www.loc.gov/catdir/enhancements/fy0719/2005054693-b.html423Publisher descriptionuhttp://www.loc.gov/catdir/enhancements/fy0719/2005054693-d.html